000 00512cam a2200181 4500500
005 20260329003627.0
041 _afre
042 _adc
100 1 0 _aUngerer, Tomi
_eauthor
245 0 0 _aMaïa, 8 ans
260 _c2016.
500 _a35
690 _aArgent
690 _aEnfance
690 _aTomi Ungerer
786 0 _nPhilosophie magazine | 99 | 5 | 2016-05-01 | p. 5-5 | 1951-1787
856 4 1 _uhttps://shs.cairn.info/magazine-philosophie-magazine-2016-5-page-5?lang=fr&redirect-ssocas=7080
999 _c1826179
_d1826179